Podrobná bibliografia
Personálne heslo: Bogdan, Jakub, 1658-1724
Médium:Regionálne osobnosti
Bližší popis: Narodený 04.06.1658 Prešov, zomrel 11.02.1724 Finchley. Maliar
Zdroj: 1. Cincík, J. 1. Jakub Bohdan anglický dvorný maliar zo Slovenska /1660-1724/ 1. Martin : MS, 1935. - 23 s.
2. Janota, Dušan 2. Stratení Slováci 2. Predvoj. - Roč. 1, č. 6 (1965), s. 1, 6-7, 10
3. Kollár, Ján 3. Bogdan Jakub 3. Slovník slavianskych umelcov. - Bratislava: SVKL, 1957. - S. 9 - 21
4. Kočiš, G.J. 4. Prešovský maliar Jakub Bogdan 4. Slovenský východ. - Roč. 4(23), č. 209 (9.9.1994), s. 5
5. Kónya, Peter 5. Náš slávny rodák: Prešovčan na britskom kráľovskom dvore 5. Prešovské noviny. - Roč. 33, č. 12 (1990). - Príl. Magazín, s. 6
6. Kónya, Péter 6. Bogdány Jakab, három nemzet híres művésze /Jakab Bogdány, umelec troch národov/ 6. Vasárnap. - Roč. 24, č. 47 (1991), s. 9. - Obr.3
7. Pataky, Dénes 7. La peinture a gonache de Jacob Bogdány. - Bogdány Jakab gnache festménye 7. Az Országos szépművészeti múzeum közleményei, 1956, č.9, s.45-47, 106-107. Obr.2
8. Szabó, László 8. Bogdány Jakab. In: Magyar festőművészet 8. Budapest : [s.n.], 1916. - S. 82-85
9. Zo slovenskej minulosti 9. Sloboda. - Roč. 23, č. 47 (1968), s. 5
LEADER 02699nz a2200721n 4500
001 000056413
003 SVKKK
005 20070524145634.0
008 060215|n|annnnaabn | a|c
FMT
040 |a SVKKK  |b slo  |e AACR2 
080 |a 323.113 
080 |a 74/75 
100 1 |a Bogdan, Jakub,  |d 1658-1724 
400 1 |a Bochdani, Jacob,  |d 1658-1724 
400 1 |a Bogdani, James,  |d 1658-1724 
400 1 |a Bogdanyi, Jacob,  |d 1658-1724 
400 1 |a Bogdány, Jakab,  |d 1658-1724 
400 1 |a Bohdan, Jakub,  |d 1658-1724 
670 |a Bogdan Jakub 
670 |a Bogdány Jakab 
670 |a Bogdány Jakab, három nemzet híres művésze /Jakab Bogdány, umelec troch národov/ 
670 |a Jakub Bohdan anglický dvorný maliar zo Slovenska /1660-1724/ 
670 |a La peinture a gonache de Jacob Bogdány. - Bogdány Jakab gnache festménye 
670 |a Náš slávny rodák: Prešovčan na britskom kráľovskom dvore 
670 |a Prešovský maliar Jakub Bogdan 
670 |a Stratení Slováci 
670 |a Zo slovenskej minulosti 
678 0 |a Narodený 04.06.1658 Prešov, zomrel 11.02.1724 Finchley. Maliar 
909 |a SK 
971
972
973
975
976
977
978
979
981
981
981
981
981
981
993
994
994
994
994
994
994
994
995 |a Cincík, J.  |c Jakub Bohdan anglický dvorný maliar zo Slovenska /1660-1724/  |d Martin : MS, 1935. - 23 s. 
995 |a Janota, Dušan  |c Stratení Slováci  |d Predvoj. - Roč. 1, č. 6 (1965), s. 1, 6-7, 10 
995 |a Kollár, Ján  |c Bogdan Jakub  |d Slovník slavianskych umelcov. - Bratislava: SVKL, 1957. - S. 9 - 21 
995 |a Kočiš, G.J.  |c Prešovský maliar Jakub Bogdan  |d Slovenský východ. - Roč. 4(23), č. 209 (9.9.1994), s. 5 
995 |a Kónya, Peter  |c Náš slávny rodák: Prešovčan na britskom kráľovskom dvore  |d Prešovské noviny. - Roč. 33, č. 12 (1990). - Príl. Magazín, s. 6 
995 |a Kónya, Péter  |c Bogdány Jakab, három nemzet híres művésze /Jakab Bogdány, umelec troch národov/  |d Vasárnap. - Roč. 24, č. 47 (1991), s. 9. - Obr.3 
995 |a Pataky, Dénes  |c La peinture a gonache de Jacob Bogdány. - Bogdány Jakab gnache festménye  |d Az Országos szépművészeti múzeum közleményei, 1956, č.9, s.45-47, 106-107. Obr.2 
995 |a Szabó, László  |c Bogdány Jakab. In: Magyar festőművészet  |d Budapest : [s.n.], 1916. - S. 82-85 
995 |c Zo slovenskej minulosti  |d Sloboda. - Roč. 23, č. 47 (1968), s. 5 
BAS
998 |a REOS